TV Kids Countdown Quiz Stats

Quiz Updated May 25, 2015

Also try: TV Show by Kids
Challenge
Share
Tweet
Embed
Score 0/64 Timer 05:00
0 Plays Today
Show Kids % Correct
The SimpsonsBart
90.6%
The SimpsonsLisa
89.4%
The SimpsonsMaggie
86.6%
Malcolm in the MiddleMalcolm
81.3%
Family GuyStewie
78.6%
The Brady BunchMarcia
78.1%
The Addams FamilyWednesday
77.6%
Family GuyMeg
74.5%
The Brady BunchJan
72.8%
Family GuyChris
70.9%
The Brady BunchPeter
68%
The Brady BunchGreg
67.6%
The Brady BunchCindy
67.4%
The Brady BunchBobby
67.3%
The Cosby ShowRudy
57.6%
The Cosby ShowTheo
57.3%
Everybody Loves RaymondAlexandra
56.4%
The Addams FamilyPugsley
55.8%
Growing PainsMike
53.2%
Everybody Loves RaymondMichael
53.2%
Family TiesAlex
51.1%
The Andy Griffith ShowOpie
50%
The WaltonsJohn-Boy
48.9%
The WaltonsMary Ellen
48.3%
Eight is EnoughMary
48.2%
7th HeavenMary
48.2%
Married with ChildrenBud
44.5%
Malcolm in the MiddleDewey
39.5%
The Cosby ShowVanessa
38.3%
The Cosby ShowDenise
38.1%
Married with ChildrenKelly
37.7%
Malcolm in the MiddleReese
35.2%
Show Kids % Correct
The WaltonsBen
34.9%
Growing PainsBen
34.9%
Eight is EnoughDavid
34.8%
7th HeavenDavid
34.8%
Home ImprovementBrad
32.9%
Home ImprovementMark
32.2%
The Cosby ShowSondra
31.9%
Family TiesMallory
30.9%
Eight is EnoughTommy
30.4%
Growing PainsCarol
29.9%
7th HeavenMatt
28.6%
Home ImprovementRandy
28.6%
Eight is EnoughElizabeth
27.2%
The WaltonsElizabeth
27.2%
Family TiesAndy
26.7%
Malcolm in the MiddleFrancis
26.4%
Family TiesJennifer
25.7%
7th HeavenRuthie
25.7%
7th HeavenLucy
25.5%
7th HeavenSimon
24.7%
7th HeavenSam
23.1%
The WaltonsJim-Bob
21.8%
Eight is EnoughSusan
21%
Eight is EnoughNicholas
20.2%
Everybody Loves RaymondGeoffrey
18.8%
The WaltonsJason
18.6%
The WaltonsErin
17%
Malcolm in the MiddleJamie
14.4%
Growing PainsChrissy
13.1%
Eight is EnoughJoanie
12.6%
Eight is EnoughNancy
10.9%
Mork and MindyMearth
6.5%

You're not logged in!

Compare scores with friends on all Sporcle quizzes.
Join for Free
OR
Log In

You Might Also Like...

Show Comments

Extras

Top Quizzes Today


Score Distribution

Your Account Isn't Verified!

In order to create a playlist on Sporcle, you need to verify the email address you used during registration. Go to your Sporcle Settings to finish the process.

Report this User

Report this user for behavior that violates our Community Guidelines.

Details: